000 00540cam a2200169 i 4500
020 _a9780896298590 (pbk.)
040 _cDNAL
082 0 0 _a338 IFP 2015 C144 Or.
100 i _aDíaz-Bonilla, Eugenio,
245 1 0 _aMacroeconomics, agriculture, and food security :
_ba guide to policy analysis in developing countries /
300 _axxix, 611 pages :
_billustrations (some color) ;
_c23 cm
500 _a"A peer-reviewed publication."
650 0 _aAgriculture
650 0 _aMacroeconomics.
650 0 _aFood security
942 _cAEDBB
999 _c18419
_d18419